Zum Staatlichen Ausgabe- und Einnahmesystem in der Bundesrepublik Deutschland Privatisierung und Steuerpolitischer Wettbewerb geboten

Gespeichert in:
Bibliographische Detailangaben
1. Verfasser: Rosenschon, Astrid
Format: Buch
Sprache:Deutsch
Veröffentlicht: Kiel Institut für Weltwirtschaft 1991
Schriftenreihe:Arbeitspapier Nr. 482
Tags: Tag hinzufügen
Keine Tags, Fügen Sie das erste Tag hinzu!

MARC

LEADER 00000nam a2200000 4500
001 c035811
005 20250526080404.8
041 0 |a ger 
044 |a DE 
245 1 0 |a Zum Staatlichen Ausgabe- und Einnahmesystem in der Bundesrepublik Deutschland  |b Privatisierung und Steuerpolitischer Wettbewerb geboten  |c Astrid Rosenschon 
264 1 |a Kiel  |b Institut für Weltwirtschaft  |c 1991 
300 |a 60 s. 
490 1 |a Arbeitspapier  |v Nr. 482 
830 0 |a Arbeitspapier  |v Nr. 482 
100 1 |a Rosenschon, Astrid